|
|
|
|
| LEADER |
00000nam a2200000Ia 4500 |
| 008 |
180307b1996 cr ||||| |||| 00| | spa d |
| 999 |
|
|
|c 1623
|d 1623
|
| 090 |
|
|
|a 06.02.03
|b 644
|
| 100 |
1 |
|
|a Ugalde Víquez, Jesús
|9 248
|
| 245 |
1 |
0 |
|a Análisis del impacto de la crisis socio-económica en la calidad de la educación en una escuela y comunidad rural (San Pedro de Coronado) Primera parte /
|c Jesús Ugalde Víquez, Zayda Sánchez Moya
|
| 260 |
|
|
|a San José, Costa Rica :
|b Red Latinoamericana de Información y Documentación en Educación (REDUC),
|c 1996
|
| 300 |
|
|
|a 88 páginas
|
| 650 |
1 |
4 |
|a CRISIS DE LA EDUCACIÓN
|9 1410
|
| 650 |
1 |
4 |
|a SOCIEDAD
|9 396
|
| 650 |
1 |
4 |
|a ECONOMÍA
|9 344
|
| 650 |
1 |
4 |
|a CALIDAD DE LA EDUCACIÓN
|9 11
|
| 650 |
1 |
4 |
|a ESCUELAS
|9 300
|
| 650 |
1 |
4 |
|a COMUNIDADES
|9 519
|
| 700 |
1 |
|
|a Sánchez Moya, Zayda
|9 3466
|
| 942 |
|
|
|i 00826
|h 06.02.03 644
|2 z
|c 01
|